=LDR 00000nam 2200000 4500 =001 INLIS000000000034616 =005 20130612140521 =008 ***********************************ind** =035 ##$$a0010-061300000034616 =041 ##$$a ind =082 ##$$a 813 =090 ##$$a 813, Gar,s =100 ##$$a Gara, Putra =245 ##$$a Samudra Pasai, Cinta dan Penghianatan, Putra Gara; Penyunting, Melui Yendra =260 ##$$a 2010 $b Jakarta =300 ##$$a viii,482 hlm., 20 cm =650 ##$$a Fiksi Indonesia =700 ##$$a Yendra,Melui =850 ##$$a NBPNMAT =990 ##$$a 93359/BPAP-NTB/2014